Регионална библиотека "Любен Каравелов" - Русе

Нормален изглед MARC изглед
  • Еразъм Ротердамски

Вход 01. Лично име

Брой записи, използвани в: 0

001 - Контролен номер на записа

  • Контролно поле: 67433

003 - Код на организацията, даваща контролен номер

  • Контролно поле: BLK

005 - Дата и час на последна промяна на записа

  • Контролно поле: 20241106095824.0

008 - Данни с фиксирана дължина – обща информация

  • Данни с фиксирана дължина : 180403n| acnz|abbn | aba d

100 1# - ИМЕ НА ЛИЦЕ -ПЪРВИЧНА ИНТЕЛЕКТУАЛНА ОТГОВОРНОСТ

  • Лично име: Еразъм Ротердамски
  • Дати, свързани с автора: 1466? - 1536
  • Друга информация: Нидерландски философ

942 ## - Системна служебна употреба

  • Koha auth type: PERSO_NAME
Vip Innovations Ltd, Rousse, Bulgaria 2025